000 00430nam a2200157 i 4500
001 149375
003 ES-MaACL
005 20230906203055.0
007 t|
008 071022s1958 sp ||||1| spa d
100 1 _aVarè, Daniele.
_9113123
245 1 3 _aEl ocaso de las monarquías /
_cDaniele Varè.
260 _aBarcelona :
_bLuis de Caralt,
_c[1958]
300 _a236 p. ;
_c24 cm.
852 _aES-MaACL
_jC-20679
_bR.49009
999 _c149375
_d149375